Sesso e religione /
Guardat en:
| Autor principal: | |
|---|---|
| Altres autors: | |
| Format: | Llibre |
| Idioma: | italià |
| Publicat: |
[Milano] :
A. Mondadori,
1974
|
| Col·lecció: | Documentinuovi ;
26 |
| Matèries: | |
| Etiquetes: |
Sense etiquetes, Sigues el primer a etiquetar aquest registre!
|
MARC
| LEADER | 00000nam a22000007i 4500 | ||
|---|---|---|---|
| 001 | IT\ICCU\SBL\0557820 | ||
| 003 | ItRI | ||
| 005 | 20260115232254.0 | ||
| 008 | 910930s1974 it |||||| |||||0|||||c | ||
| 015 | |2 IT |a 754686 | ||
| 040 | |b ita |c importazione bologna sebina | ||
| 041 | 7 | |a ita |2 ISO-639-2 | |
| 082 | |a 241 |9 TEOLOGIA MORALE |2 17 | ||
| 082 | |a 241 |9 TEOLOGIA MORALE |2 18 | ||
| 100 | 1 | |a Leist, Fritz |0 IT\ICCU\SBLV\051688 |4 aut | |
| 240 | 1 | 4 | |a Der sexuelle Notstand und die Kirchen |3 IT\ICCU\RL1\0081152 |9 Leist, Fritz |
| 245 | 1 | 0 | |a Sesso e religione / |c Fritz Leist ; traduzione di Paolo Pioppi. |
| 260 | |a [Milano] : |b A. Mondadori, |c 1974 | ||
| 300 | |a 233 p. ; |c 20 cm | ||
| 650 | 7 | |a Sesso |x Morale cristiana | |
| 650 | 7 | |a Matrimonio |x Morale cristiana | |
| 700 | 1 | |a Pioppi, Paolo |0 IT\ICCU\SBLV\052830 |4 trl | |
| 830 | 0 | |a Documentinuovi ; |v 26 |0 IT\ICCU\VIA\0015122 | |
| 942 | |2 ddc |c BK |n 0 | ||
| 952 | |0 0 |1 0 |4 0 |6 DOC_241_660000000000000_LEI |7 0 |9 23351 |a BO |b BO |d 2026-01-15 |i 1799 |l 0 |o DOC 241.66 LEI |p BO1799 |r 2026-01-15 23:22:54 |w 2026-01-15 |x [Sebina 5] [1 v.] |y BK |z 1 v. | ||
| 999 | |c 19906 |d 19906 | ||